000 00814nam a2200193 i 4500
001 100657
003 ES-MaACL
005 20230906182721.0
007 t|
008 051004s1964 sp ||||1| spa d
100 1 _aMateo González, Pedro.
_978961
245 1 0 _aDistribución de las frecuencias de las cantidades de precipitación en el Norte de España
_b: persistencia de los días con precipitación y sin precipitación en Gijón (Costa Cantábrica de España) /
_cpor Pedro Mateo González.
260 _aMadrid :
_b[s.n.],
_c1964 (
_fGráf. Virgen de Loreto)
300 _a1 v. :
_bil. ;
_c24 cm.
500 _aPrecede al tít.: Servício Meteorológico Nacional.
500 _a2 tom. en 1 vol.
710 1 _aEspaña.
_bServicio Meteorológico Nacional.
_93981
852 _aES-MaACL
_jC-27340
_bR.56509
999 _c100657
_d100657